000
00223nam a2200097Ia 4500
005
20250424112907.0
008
250424s9999 xx 000 0 und d
300
_a
ii, 119 p. :ill. ; 29 cm
650
_a
Chemistry
942
_c
SR
999
_c
37739
_d
37739